000 00850nam a22002297a 4500
005 20170124110036.0
010 _aA-540974
020 _c00.00
_a8121505168
035 _aA-540974
037 _bCen Lib/Ret
040 _adpl
_bEN
082 _a915.4
_bREC
245 _aA record of buddhist kingdoms :
_ctranslated by James Legge
_bbeing an account by the chinese monk Fa-Hein of travels in India and ceylon (AD 399-414) in search of the buddhidt books of discipline /
260 _bMunshiram Manoharlal Publishers Pvt. Ltd.
_aNew Delhi
_c1991
270 _aPost Box 5715, 54 Rani Jhanshi Road
_bNew Delhi
_e110055
300 _a123p. :
_c20cm(Hb)
_bill.
500 _aIncludes index
650 _aBuddhism.
_91068
650 _aKingdoms of Buddhist.
_922654
700 _aLegge, James
_922655
942 _2ddc
_cEN
_h915.4
_mREC
999 _c128189
_d128189